Score 0/14 Timer 02:00
0 Plays Today
Hint Answer % Correct
COHOSchool
88.6%
UNTOBounty
81%
TIESFeisty
76.2%
FAIRAfraid
76%
LEANPlanet
75.1%
SOREMorsel
73.2%
THORShorts
72.9%
Hint Answer % Correct
LUCKSuckle
70.6%
IONSTonsil
66.6%
DIRTStride
63.1%
EARSEraser
62.9%
NOSEHonest
62.5%
ANEWYawned
57.2%
SOURCursor
52.8%
Remove Ads.
Support Sporcle.
Get the best of Sporcle when you Go Orange. This ad-free experience offers more features, more stats, and more fun while also helping to support Sporcle. Thank you for becoming a member.

You're not logged in!

Compare scores with friends on all Sporcle quizzes.
OR
Log In

Show Comments

Extras

Top Quizzes Today


Score Distribution

Your Account Isn't Verified!

In order to create a playlist on Sporcle, you need to verify the email address you used during registration. Go to your Sporcle Settings to finish the process.

Report this User

Report this user for behavior that violates our Community Guidelines.

Details: